000 00974nam a2200277Ia 4500
003 OSt
005 20220918171302.0
006 a|||||r|||| 00| 0
007 ta
008 220917b |||||||| |||| 00| 0 eng d
020 _a9781462524716
_c 40.00
024 _a317,542
037 _b8009, 10/03/2017, Efficient Book Distributors
_cTextual
040 _aARTS
_cARTS
_beng
041 _2eng
_aeng
082 _aS:1:4, Q6
100 _aGranholm Eric L. Au.
_935405
245 0 _aCognitive behavioral social skills training for schizophrenia
_b a praxtical treatment guide
260 _aNew York
_bThe Gulford Press USA
_c2016
300 _axiv,322p.
_ccm.
650 _aCOGNITIVE STYLES
_915127
700 _a Holden Jason L. Au.
_935406
700 _a McQuaid John R. Au.
_935407
942 _hS:1:4, Q6
_cTEXL
_2CC
999 _c138784
_d138784